[Event "GER-chT Youth Countries 2018"]
[Site "Wurzburg"]
[Date "2018.10.03"]
[Round "2"]
[White "Kageler, Anton Paul"]
[Black "Mundt, Alexandra"]
[Result "1-0"]
[WhiteElo "1459"]
[BlackElo "1679"]
[Annotator "NA"]
[PlyCount "71"]
[EventDate "2018.10.02"]
[EventType "team-tourn"]
[EventCountry "GER"]
[SourceTitle "playchess.com"]
[Source "ChessBase"]
[SourceQuality "1"]
[TimeControl "40/5400+30:1800+30"]

1. e4 {[%emt 0:00:00]} Nf6 {[%emt 0:00:00]} 2. Nc3 {[%emt 0:00:00]} d5 {[%emt 0:00:00]} 3. e5 {[%emt 0:00:40]} d4 {[%emt 0:00:00]} 4. exf6 {[%emt 0:01:51]} dxc3 {[%emt 0:00:00]} 5. bxc3 {[%emt 0:00:08]} gxf6 {[%emt 0:00:15]} 6. d4 {[%emt 0:00:49]} e5 {[%emt 0:00:33]} 7. Bc4 {[%emt 0:02:01]} Nc6 {[%emt 0:05:03]} 8. Ne2 {[%emt 0:12:39]} Bf5 {[%emt 0:08:06]} 9. O-O {[%emt 0:01:53]} Qd7 {[%emt 0:08:42]} 10. Be3 {[%emt 0:04:47]} O-O-O {[%emt 0:10:35]} 11. Rb1 {[%emt 0:03:50]} Rg8 {[%emt 0:09:16]} 12. Qc1 {[%emt 0:07:46]} Na5 {[%emt 0:08:38]} 13. Bb5 {[%emt 0:12:09]} c6 {[%emt 0:06:26]} 14. Ba4 {[%emt 0:01:30]} Be7 {[%emt 0:03:31]} 15. Bb3 {[%emt 0:02:29]} Nxb3 {[%emt 0:07:17]} 16. Rxb3 {[%emt 0:04:42]} Be6 {[%emt 0:01:13]} 17. Rb1 {[%emt 0:01:34]} Bc4 {[%emt 0:00:53]} 18. Re1 {[%emt 0:04:09]} Bxe2 {[%emt 0:02:25]} 19. Rxe2 {[%emt 0:00:58]} Qg4 {[%emt 0:13:05]} 20. Qf1 {[%emt 0:01:52]} h5 {[%emt 0:03:51]} 21. dxe5 {[%emt 0:04:07]} fxe5 {[%emt 0:00:54]} 22. Bxa7 {[%emt 0:00:21]} e4 {[%emt 0:01:49]} 23. Re3 {[%emt 0:01:53]} Bd6 {[%emt 0:02:11]} 24. Rbe1 {[%emt 0:03:46]} f5 {[%emt 0:00:50]} 25. Kh1 {[%emt 0:07:06]} Rg6 {[%emt 0:02:22]} 26. Bc5 {[%emt 0:04:28]} Bf4 {[%emt 0:02:49]} 27. R3e2 {[%emt 0:00:47]} Bd2 {[%emt 0:01:46]} 28. Rd1 {[%emt 0:01:02]} Bxc3 {[%emt 0:00:20]} 29. Rxd8+ {[%emt 0:00:36]} Kxd8 {[%emt 0:00:09]} 30. f3 {[%emt 0:03:39]} exf3 {[%emt 0:01:24]} 31. Qd1+ {[%emt 0:00:49]} Bd4 {[%emt 0:00:04]} 32. Bxd4 {[%emt 0:03:29]} fxe2 {[%emt 0:01:01]} 33. Bf6+ {[%emt 0:01:26]} Ke8 {[%emt 0:00:15]} 34. Qd8+ {[%emt 0:00:05]} Kf7 {[%emt 0:00:20]} 35. Qe7+ {[%emt 0:00:05]} Kg8 {[%emt 0:00:15]} 36. Qe8+ {[%emt 0:00:07]} 1-0

[Event "GER-chT Youth Countries 2018"]
[Site "Wurzburg"]
[Date "2018.10.03"]
[Round "2"]
[White "Fischer, Darja"]
[Black "Pohle, Saskia"]
[Result "1-0"]
[WhiteElo "1456"]
[BlackElo "1690"]
[Annotator "NA"]
[PlyCount "97"]
[EventDate "2018.10.02"]
[EventType "team-tourn"]
[EventCountry "GER"]
[SourceTitle "playchess.com"]
[Source "ChessBase"]
[SourceQuality "1"]
[TimeControl "40/5400+30:1800+30"]

1. e4 {[%emt 0:00:00]} e5 {[%emt 0:00:00]} 2. Nf3 {[%emt 0:00:00]} Nc6 {[%emt 0:00:00]} 3. Nc3 {[%emt 0:00:00]} Nf6 {[%emt 0:00:00]} 4. Bb5 {[%emt 0:00:00]} Nd4 {[%emt 0:02:51]} 5. O-O {[%emt 0:00:00]} Nxb5 {[%emt 0:04:51]} 6. Nxb5 {[%emt 0:00:09]} d6 7. d3 {[%emt 0:01:47]} Be7 {[%emt 0:01:08]} 8. Be3 {[%emt 0:01:17]} O-O {[%emt 0:01:21]} 9. h3 {[%emt 0:01:52]} a6 {[%emt 0:02:53]} 10. Nc3 {[%emt 0:00:08]} h6 {[%emt 0:00:16]} 11. Re1 {[%emt 0:02:40]} Be6 {[%emt 0:01:47]} 12. d4 {[%emt 0:02:45]} exd4 {[%emt 0:03:05]} 13. Nxd4 {[%emt 0:00:56]} Bd7 {[%emt 0:00:33]} 14. Qd2 {[%emt 0:01:56]} Nh7 {[%emt 0:08:10]} 15. Re2 {[%emt 0:03:59]} f5 {[%emt 0:03:26]} 16. exf5 {[%emt 0:02:24]} Bxf5 {[%emt 0:01:27]} 17. Rae1 {[%emt 0:01:57]} Bg5 {[%emt 0:06:30]} 18. Bxg5 {[%emt 0:01:17]} Qxg5 {[%emt 0:00:36]} 19. Qxg5 {[%emt 0:01:04]} Nxg5 {[%emt 0:00:07]} 20. Nxf5 {[%emt 0:01:17]} Rxf5 {[%emt 0:00:15]} 21. Re7 {[%emt 0:00:40]} Rf7 {[%emt 0:01:40]} 22. Kf1 {[%emt 0:04:43]} Kf8 {[%emt 0:03:15]} 23. Rxf7+ {[%emt 0:02:36]} Nxf7 {[%emt 0:00:46]} 24. Re4 {[%emt 0:04:33]} Ne5 {[%emt 0:03:56]} 25. f4 {[%emt 0:02:30]} Nc6 {[%emt 0:00:13]} 26. Nd5 {[%emt 0:01:05]} Rc8 {[%emt 0:01:39]} 27. Ke2 {[%emt 0:00:29]} Na7 {[%emt 0:02:14]} 28. Kd3 {[%emt 0:02:14]} c6 {[%emt 0:00:58]} 29. Nc3 {[%emt 0:00:27]} Re8 {[%emt 0:04:09]} 30. g4 {[%emt 0:02:27]} Rxe4 {[%emt 0:05:18]} 31. Kxe4 {[%emt 0:02:42]} Kf7 {[%emt 0:00:09]} 32. h4 {[%emt 0:01:21]} Nc8 {[%emt 0:01:02]} 33. h5 {[%emt 0:04:53]} Nb6 {[%emt 0:01:42]} 34. b3 {[%emt 0:00:59]} Nd7 {[%emt 0:00:20]} 35. Kf5 {[%emt 0:01:06]} d5 {[%emt 0:03:34]} 36. g5 {[%emt 0:02:21]} Nc5 {[%emt 0:06:33]} 37. Ke5 {[%emt 0:01:42]} Ne6 {[%emt 0:01:51]} 38. gxh6 {[%emt 0:01:01]} gxh6 {[%emt 0:00:11]} 39. Ne2 {[%emt 0:00:22]} Ng7 {[%emt 0:13:04]} 40. Ng3 {[%emt 0:01:59]} Ke7 {[%emt 0:00:48]} 41. a4 {[%emt 0:33:01]} a5 {[%emt 0:31:17]} 42. Nf5+ {[%emt 0:01:21]} Nxf5 {[%emt 0:00:17]} 43. Kxf5 {[%emt 0:00:03]} Kf7 {[%emt 0:00:09]} 44. Ke5 {[%emt 0:01:32]} Ke7 {[%emt 0:00:08]} 45. c4 {[%emt 0:01:44]} dxc4 {[%emt 0:07:39]} 46. bxc4 {[%emt 0:00:05]} b5 {[%emt 0:03:18]} 47. cxb5 {[%emt 0:00:09]} cxb5 {[%emt 0:00:08]} 48. axb5 {[%emt 0:00:03]} a4 {[%emt 0:00:03]} 49. Kd4 {[%emt 0:00:17]} 1-0

[Event "GER-chT Youth Countries 2018"]
[Site "Wurzburg"]
[Date "2018.10.03"]
[Round "2"]
[White "Ruhmke, Rebecca"]
[Black "Kluehs, Gustaf"]
[Result "0-1"]
[WhiteElo "1399"]
[BlackElo "1775"]
[Annotator "NA"]
[PlyCount "44"]
[EventDate "2018.10.02"]
[EventType "team-tourn"]
[EventCountry "GER"]
[SourceTitle "playchess.com"]
[Source "ChessBase"]
[SourceQuality "1"]
[TimeControl "40/5400+30:1800+30"]

1. e4 {[%emt 0:00:00]} c5 {[%emt 0:00:00]} 2. Nf3 {[%emt 0:00:20]} Nc6 {[%emt 0:00:00]} 3. Bc4 {[%emt 0:01:54]} e6 {[%emt 0:00:00]} 4. d4 {[%emt 0:02:34]} cxd4 {[%emt 0:00:00]} 5. Nxd4 {[%emt 0:01:44]} Nf6 {[%emt 0:00:08]} 6. Bg5 {[%emt 0:06:50]} Qa5+ {[%emt 0:00:48]} 7. Bd2 {[%emt 0:11:59]} Qc5 {[%emt 0:00:58]} 8. Bd3 {[%emt 0:11:12]} Qxd4 {[%emt 0:00:39]} 9. Bc3 {[%emt 0:00:03]} Qb6 {[%emt 0:00:10]} 10. O-O {[%emt 0:04:40]} Be7 {[%emt 0:00:15]} 11. Kh1 {[%emt 0:02:41]} d6 {[%emt 0:00:51]} 12. Nd2 {[%emt 0:07:08]} Ne5 {[%emt 0:02:44]} 13. f4 {[%emt 0:11:39]} Neg4 {[%emt 0:01:52]} 14. Qf3 {[%emt 0:02:23]} e5 {[%emt 0:05:47]} 15. Nc4 {[%emt 0:06:25]} Qc5 {[%emt 0:01:15]} 16. f5 {[%emt 0:04:28]} b5 {[%emt 0:01:23]} 17. b3 {[%emt 0:13:16]} bxc4 {[%emt 0:01:01]} 18. Bxc4 {[%emt 0:00:37]} Qe3 {[%emt 0:00:19]} 19. Bd3 {[%emt 0:06:47]} Qxf3 {[%emt 0:00:31]} 20. Rxf3 {[%emt 0:00:16]} Bb7 {[%emt 0:00:44]} 21. Re1 {[%emt 0:02:53]} d5 {[%emt 0:00:32]} 22. Rg3 {[%emt 0:00:28]} dxe4 {[%emt 0:00:43]} 0-1

[Event "GER-chT Youth Countries 2018"]
[Site "Wurzburg"]
[Date "2018.10.03"]
[Round "2"]
[White "Nguyen, Jenny Ha-Linh"]
[Black "Schulz, Hannah"]
[Result "0-1"]
[WhiteElo "1230"]
[BlackElo "1527"]
[Annotator "NA"]
[PlyCount "66"]
[EventDate "2018.10.02"]
[EventType "team-tourn"]
[EventCountry "GER"]
[SourceTitle "playchess.com"]
[Source "ChessBase"]
[SourceQuality "1"]
[TimeControl "40/5400+30:1800+30"]

1. e4 {[%emt 0:00:00]} c6 {[%emt 0:00:00]} 2. d4 {[%emt 0:00:00]} d5 {[%emt 0:00:00]} 3. exd5 {[%emt 0:00:00]} cxd5 {[%emt 0:00:00]} 4. c4 {[%emt 0:00:00]} Nc6 {[%emt 0:02:04]} 5. Nf3 {[%emt 0:01:18]} Bg4 {[%emt 0:01:14]} 6. Be2 {[%emt 0:02:39]} Nf6 {[%emt 0:02:44]} 7. Nc3 {[%emt 0:02:02]} g6 {[%emt 0:04:27]} 8. O-O {[%emt 0:04:23]} Bg7 {[%emt 0:00:58]} 9. Be3 {[%emt 0:04:44]} O-O {[%emt 0:01:44]} 10. h3 {[%emt 0:00:43]} Be6 {[%emt 0:00:31]} 11. cxd5 {[%emt 0:08:46]} Nxd5 {[%emt 0:01:11]} 12. Rc1 {[%emt 0:06:45]} Nxc3 {[%emt 0:03:48]} 13. Rxc3 {[%emt 0:00:58]} Nb4 {[%emt 0:01:47]} 14. a3 {[%emt 0:02:21]} Nd5 {[%emt 0:01:19]} 15. Rc1 {[%emt 0:00:40]} Qb6 {[%emt 0:01:56]} 16. Qd2 {[%emt 0:02:35]} Nxe3 {[%emt 0:05:27]} 17. fxe3 {[%emt 0:00:18]} Rad8 {[%emt 0:03:07]} 18. Bd3 {[%emt 0:06:04]} Bh6 {[%emt 0:02:56]} 19. Qe2 {[%emt 0:07:16]} Bd7 {[%emt 0:06:40]} 20. Bc4 {[%emt 0:09:53]} Bf5 {[%emt 0:02:38]} 21. Qf2 {[%emt 0:07:43]} Be6 {[%emt 0:09:31]} 22. Bxe6 {[%emt 0:02:44]} Qxe6 {[%emt 0:00:47]} 23. Rfe1 {[%emt 0:00:28]} Rc8 {[%emt 0:06:32]} 24. Rcd1 {[%emt 0:03:14]} Qb3 {[%emt 0:00:30]} 25. Rd2 {[%emt 0:05:29]} Rc7 {[%emt 0:00:43]} 26. Rde2 {[%emt 0:04:09]} Rfc8 {[%emt 0:01:12]} 27. Ne5 {[%emt 0:06:17]} f6 {[%emt 0:02:32]} 28. Nf3 {[%emt 0:00:15]} Rc2 {[%emt 0:00:23]} 29. Rxc2 {[%emt 0:00:14]} Rxc2 {[%emt 0:00:21]} 30. Qf1 {[%emt 0:00:26]} Rxb2 {[%emt 0:02:05]} 31. e4 {[%emt 0:01:02]} Be3+ {[%emt 0:00:45]} 32. Kh1 {[%emt 0:00:09]} Rf2 {[%emt 0:00:20]} 33. Qg1 {[%emt 0:00:32]} Rxf3 {[%emt 0:00:33]} 0-1

[Event "GER-chT Youth Countries 2018"]
[Site "Wurzburg"]
[Date "2018.10.03"]
[Round "2"]
[White "Praus, Pia-Rosa"]
[Black "Hubert, Charlotte"]
[Result "0-1"]
[WhiteElo "1150"]
[BlackElo "1376"]
[Annotator "NA"]
[PlyCount "96"]
[EventDate "2018.10.02"]
[EventType "team-tourn"]
[EventCountry "GER"]
[SourceTitle "playchess.com"]
[Source "ChessBase"]
[SourceQuality "1"]
[TimeControl "40/5400+30:1800+30"]

1. d4 {[%emt 0:00:00]} d5 {[%emt 0:00:00]} 2. Bf4 {[%emt 0:00:09]} Nf6 {[%emt 0:00:21]} 3. e3 {[%emt 0:00:25]} e6 {[%emt 0:01:30]} 4. c3 {[%emt 0:01:04]} Nbd7 {[%emt 0:02:55]} 5. Nd2 {[%emt 0:01:12]} b6 {[%emt 0:02:56]} 6. Ngf3 {[%emt 0:03:09]} Bb7 {[%emt 0:01:45]} 7. Bd3 {[%emt 0:00:27]} Be7 {[%emt 0:03:26]} 8. Qc2 {[%emt 0:01:14]} c5 {[%emt 0:03:11]} 9. Ne5 {[%emt 0:04:46]} O-O {[%emt 0:06:51]} 10. Ndf3 {[%emt 0:02:21]} Rc8 {[%emt 0:18:27]} 11. O-O {[%emt 0:05:39]} Ne4 {[%emt 0:12:59]} 12. Bb5 {[%emt 0:02:21]} Ndf6 {[%emt 0:02:55]} 13. Bd3 {[%emt 0:02:33]} c4 {[%emt 0:04:18]} 14. Be2 {[%emt 0:00:54]} Nh5 {[%emt 0:05:31]} 15. Bg3 {[%emt 0:02:13]} Nhxg3 {[%emt 0:02:58]} 16. hxg3 {[%emt 0:00:46]} Qc7 {[%emt 0:03:54]} 17. Nd2 {[%emt 0:10:49]} Nxd2 {[%emt 0:01:36]} 18. Qxd2 {[%emt 0:00:29]} b5 {[%emt 0:02:40]} 19. Rfc1 {[%emt 0:01:19]} f6 {[%emt 0:03:27]} 20. Nf3 {[%emt 0:00:43]} Qb6 {[%emt 0:00:51]} 21. b3 {[%emt 0:03:02]} cxb3 {[%emt 0:02:09]} 22. axb3 {[%emt 0:00:07]} a6 {[%emt 0:02:29]} 23. b4 {[%emt 0:01:09]} Rc6 {[%emt 0:01:23]} 24. Qd3 {[%emt 0:01:10]} Rfc8 {[%emt 0:01:15]} 25. Qd2 {[%emt 0:00:40]} Qc7 {[%emt 0:00:40]} 26. Ra3 {[%emt 0:00:14]} Bxb4 {[%emt 0:00:59]} 27. Rb3 {[%emt 0:00:59]} Bxc3 {[%emt 0:00:46]} 28. Qa2 {[%emt 0:00:28]} b4 {[%emt 0:02:19]} 29. Qb1 {[%emt 0:00:30]} a5 {[%emt 0:01:58]} 30. Bb5 {[%emt 0:00:52]} Rb6 {[%emt 0:00:30]} 31. Ba4 {[%emt 0:00:14]} Bc6 {[%emt 0:01:11]} 32. Rcxc3 {[%emt 0:01:23]} bxc3 {[%emt 0:01:03]} 33. Rxb6 {[%emt 0:00:07]} Bxa4 {[%emt 0:00:46]} 34. Rb7 {[%emt 0:01:06]} Qc6 {[%emt 0:00:26]} 35. Rb8 {[%emt 0:02:04]} c2 {[%emt 0:01:42]} 36. Rxc8+ {[%emt 0:00:14]} Qxc8 {[%emt 0:00:04]} 37. Qc1 {[%emt 0:00:16]} Bb3 {[%emt 0:01:22]} 38. Nd2 {[%emt 0:00:28]} Qb7 {[%emt 0:00:06]} 39. Qb2 {[%emt 0:01:10]} a4 {[%emt 0:00:39]} 40. Kh2 {[%emt 0:00:42]} Qb4 {[%emt 0:00:31]} 41. Nf3 {[%emt 0:31:07]} a3 {[%emt 0:30:39]} 42. Qc1 {[%emt 0:00:11]} a2 {[%emt 0:02:01]} 43. Qb2 {[%emt 0:00:09]} Qa4 {[%emt 0:00:44]} 44. Qa1 {[%emt 0:01:00]} Qa3 {[%emt 0:01:02]} 45. Qc3 {[%emt 0:00:22]} c1=Q {[%emt 0:00:26]} 46. Qd3 {[%emt 0:01:49]} Bc4 {[%emt 0:01:20]} 47. Qxa3 {[%emt 0:00:16]} Qxa3 {[%emt 0:00:09]} 48. Kh3 {[%emt 0:00:36]} a1=Q {[%emt 0:00:48]} 0-1

[Event "GER-chT Youth Countries 2018"]
[Site "Wurzburg"]
[Date "2018.10.04"]
[Round "3"]
[White "Parvanyan, Ashot"]
[Black "Nothnagel, Marian Can"]
[Result "1/2-1/2"]
[WhiteElo "2428"]
[BlackElo "2341"]
[Annotator "NA"]
[PlyCount "96"]
[EventDate "2018.10.03"]
[EventType "team-tourn"]
[EventCountry "GER"]
[SourceTitle "playchess.com"]
[Source "ChessBase"]
[SourceQuality "1"]
[TimeControl "40/5400+30:1800+30"]

{[%evp 46,94,93,51,45,43,66,31,70,0,0,-18,-31,-108,-114,-94,15,29,0,0,0,-150,-75,-70,-96,-200,0,0,0,-38,-38,-35,-36,-39,-54,-124,-90,-91,-85,-93,-100,-102,-16,-11,-11,-14,0,0,0,0,0]} 1. e4 {[%emt 0:00:00]} e5 {[%emt 0:00:00]} 2. Nf3 {[%emt 0:00:00]} d6 {[%emt 0:00:00]} 3. d4 {[%emt 0:00:15]} exd4 {[%emt 0:00:00]} 4. Nxd4 {[%emt 0:00:07]} Nf6 {[%emt 0:00:00]} 5. Nc3 {[%emt 0:00:07]} Be7 {[%emt 0:00:00]} 6. g3 {[%emt 0:01:10]} O-O {[%emt 0:01:41]} 7. Bg2 {[%emt 0:00:32]} Nc6 {[%emt 0:00:06]} 8. O-O {[%emt 0:00:17]} Bg4 {[%emt 0:03:37] C41: Philidor Defence} (8... Nxd4 9. Qxd4 Be6 10. Bf4 Re8 11. Rad1 Qc8 12. Rfe1 Bh3 13. Bh1 Nd7 14. Nd5 Bf8 15. Bd2 Ne5 16. f4 {½-½ (37) Ragger,M (2659)-Schneider,I (2506) Germany 2017}) 9. Nxc6 {[%emt 0:00:41]} bxc6 {[%emt 0:00:07]} 10. Qd3 {[%emt 0:00:04]} Nd7 {[%emt 0:02:30]} 11. f4 {[%emt 0:06:51]} Rb8 $146 {[%emt 0:14:26]} ({Predecessor:} 11... Nc5 12. Qe3 Qd7 13. f5 f6 14. Qf4 {1-0 (49) Kabanov,N (2468)-Tsoi,D (2382) Voronezh 2018}) 12. Re1 {[%emt 0:12:56]} Nc5 {[%emt 0:11:32]} 13. Qd2 {[%emt 0:00:24]} Re8 {[%emt 0:01:36]} 14. h3 {[%emt 0:05:18]} Bd7 {[%emt 0:00:39]} 15. b3 {[%emt 0:03:23]} Bf6 {[%emt 0:02:59]} 16. Ba3 {[%emt 0:01:30]} Ne6 {[%emt 0:08:12]} 17. Rad1 {[%emt 0:03:25]} Be7 {[%emt 0:24:34]} 18. Kh2 {[%emt 0:03:49]} Nf8 {[%emt 0:02:55]} 19. Qf2 {[%emt 0:08:20]} a5 {[%emt 0:02:49]} 20. Bb2 {[%emt 0:07:29]} Qc8 {[%emt 0:01:29]} 21. Ne2 {[%emt 0:03:39]} Ng6 {[%emt 0:04:40]} 22. a4 {[%emt 0:03:37]} c5 {[%emt 0:00:33]} 23. Ba1 {[%emt 0:04:34]} Bc6 {[%emt 0:03:31]} 24. Nc3 {[%emt 0:03:06]} Bf6 {[%emt 0:04:30]} 25. e5 {[%emt 0:11:23]} Bxg2 {[%emt 0:00:06]} 26. Kxg2 {[%emt 0:00:12]} dxe5 {[%emt 0:00:22]} 27. f5 {[%emt 0:00:19]} Ne7 {[%emt 0:00:44]} 28. g4 {[%emt 0:00:16] [#]} c4 $1 {[%emt 0:01:24]} 29. Ne4 {[%emt 0:04:42]} (29. bxc4 $15 Rb4 30. Qc5) 29... cxb3 {[%emt 0:01:18]} 30. cxb3 {[%emt 0:00:42]} Qb7 {[%emt 0:03:23]} ({Black should try} 30... Rxb3 $17 31. Kh2 Nc6) 31. Kh2 $1 {[%emt 0:03:12]} Nd5 {[%emt 0:00:15]} 32. g5 {[%emt 0:00:28]} Be7 $1 {[%emt 0:00:08]} 33. g6 {[%emt 0:10:47] [#]} (33. Qg3 $11 Bb4 34. Rg1) 33... fxg6 {[%emt 0:01:53]} (33... f6 $1 $19 34. gxh7+ Kh8) 34. fxg6 {[%emt 0:00:25]} hxg6 {[%emt 0:00:15]} 35. Qg3 {[%emt 0:01:12] [#]} (35. Bxe5 $17 {keeps fighting.} Bb4 36. Ng5) 35... Bb4 $2 {[%emt 0:02:40]} (35... Qc6 $1 $19 36. Bxe5 Bb4) 36. Qxg6 {[%emt 0:01:45]} Qb6 {[%emt 0:00:46]} 37. Qxb6 {[%emt 0:00:47]} Rxb6 {[%emt 0:00:40]} 38. Rg1 {[%emt 0:00:38]} Nf6 {[%emt 0:00:44]} 39. Nxf6+ {[%emt 0:00:33]} Rxf6 {[%emt 0:00:05]} 40. Rd5 {[%emt 0:00:31]} (40. Rg5 $15) 40... c6 {[%emt 0:01:26]} 41. Rd7 {[%emt 0:08:20]} Rf7 {[%emt 0:00:12]} 42. Rxf7 {[%emt 0:00:10]} Kxf7 {[%emt 0:00:07]} 43. Kg2 {[%emt 0:00:02]} e4 {[%emt 0:10:04]} (43... Ke6 $17 44. Kf3 Be7) 44. Kf1 {[%emt 0:00:07]} g6 {[%emt 0:02:14]} 45. Ke2 {[%emt 0:00:34]} Re6 {[%emt 0:01:11]} 46. Rg4 {[%emt 0:05:30]} Ke7 {[%emt 0:00:35]} 47. Bd4 $11 {[%emt 0:00:40]} Kd6 {[%emt 0:02:01]} 48. Rg5 {[%emt 0:05:24]} c5 {[%emt 0:06:48]} 1/2-1/2

[Event "GER-chT Youth Countries 2018"]
[Site "Wurzburg"]
[Date "2018.10.04"]
[Round "3"]
[White "Sawlin, Leonid"]
[Black "Silber, Kevin"]
[Result "1-0"]
[WhiteElo "2360"]
[BlackElo "2205"]
[Annotator "TA"]
[PlyCount "101"]
[EventDate "2018.10.03"]
[EventType "team-tourn"]
[EventCountry "GER"]
[SourceTitle "playchess.com"]
[Source "ChessBase"]
[SourceQuality "1"]

{[%evp 10,101,40,47,47,22,20,24,24,26,33,32,31,27,31,22,68,51,61,44,90,98,193,206,297,281,309,232,229,200,193,95,102,77,89,14,20,22,48,21,12,0,0,0,7,-37,-15,-25,-24,-51,-27,-16,60,43,254,249,204,13,28,12,24,0,0,0,8,14,18,18,50,16,12,0,69,70,243,237,237,0,237,0,0,0,0,0,163,171,29977,29980,29979,29980,29965,5218,29998,29999]} 1. e4 Nf6 2. e5 Nd5 3. Nf3 d6 4. Bc4 e6 5. d4 Be7 6. O-O {LiveBook: 4 Games. B03: Alekhine's Defence: Four Pawns Attack} O-O 7. Qe2 c5 8. exd6 $146 {The position is equal.} ({Predecessor:} 8. dxc5 dxe5 9. Nxe5 Bxc5 10. Rd1 Nc6 11. Nxc6 bxc6 12. Nd2 Qc7 13. Nf3 Bd6 {0-1 (33) Zivkovic,S (2331)-Bejatovic,B (1961) Belgrade 2014}) 8... Bxd6 9. dxc5 Bxc5 10. Rd1 Nc6 11. Bd3 {aiming for c4.} Qb6 12. c4 Ndb4 13. Bxh7+ Kxh7 14. a3 Be7 15. axb4 Nxb4 (15... Qxb4 $16 {keeps fighting.} 16. Nc3 Kg8) 16. Nc3 $1 $18 a6 (16... e5 {might work better.} 17. Qxe5 Qf6 18. Qe4+ (18. Qh5+ Kg8 $18) 18... Bf5 19. Qxb7 Rfb8) 17. Ng5+ Kg8 18. Qe4 {[%csl Gg5][%cal Re4h7]} Bxg5 19. Bxg5 f6 {[#]} 20. Be3 (20. c5 $1 $18 {[%mdl 512] has better winning chances.} Qc7 (20... Qxc5 21. Be3) 21. Bf4 (21. Qxb4 fxg5 22. Ne4 Qf4 $18)) 20... Qc6 $16 21. Qg6 {Hoping for Ne4.} e5 22. Nd5 (22. Ne4 $16 f5 23. Nd6) 22... Nxd5 $11 23. cxd5 Qb5 24. h4 Bd7 {[%cal Bc8d7,Bd7e8,Be8h5][%mdl 32]} 25. h5 Be8 26. Qg4 Qd7 $132 {[%mdl 2048] Black has counterplay} 27. Qh4 Rc8 28. h6 g5 29. Qb4 Bh5 30. f3 Rc2 (30... Kh7 $11) 31. Rac1 $14 Rfc8 $2 (31... Rxc1 $14 32. Rxc1 Bg6) 32. Rxc2 $18 Rxc2 33. Qb3 $2 (33. Qb6 $18 e4 34. Qxf6) 33... Bg6 $11 34. Qb6 Kf7 35. Rd2 Rxd2 36. Bxd2 Bf5 37. g4 Bd3 38. Qc5 e4 39. Bb4 {Threatening mate with Qf8+.} Kg6 40. Kf2 Kxh6 (40... exf3 $11 41. Qd4 Bc2) 41. Qf8+ $14 Kg6 $2 (41... Qg7 $14) 42. Be7 $1 $18 Qxd5 {( -> ...Qd4+)} 43. Qxf6+ Kh7 44. Bf8 $2 (44. Bb4 $1 $18 {[%cal Rb4c3]} e3+ 45. Kxe3) 44... Qd7 $11 45. Bc5 {Bd4 is the strong threat.} Qg7 46. Qf5+ Kg8 $2 (46... Qg6 $1 $11 47. Ke3 Bc4) 47. Ke3 $18 {Strongly threatening Qc8+.} ({Much less strong is} 47. fxe4 $6 Qxb2+ 48. Ke3 Qe2+ 49. Kd4 Bc4 $16) 47... Qxb2 $2 {[#]} (47... Bb5 $18) 48. Qg6+ $1 Qg7 {[#]} 49. Qe8+ $1 Kh7 50. Bd4 Qc7 51. Qh8+ {Precision: White = 61%, Black = 39%.} 1-0